[Event "AUT-chT2O 0001"]
[Site "Austria"]
[Date "2001.??.??"]
[Round "8"]
[White "Schuh, Franz"]
[Black "Froschauer, Hans"]
[Result "0-1"]
[WhiteElo "2255"]
[BlackElo "2175"]
[PlyCount "62"]
[EventDate "2000.??.??"]
[EventType "team"]
[EventRounds "11"]
[EventCountry "AUT"]
[SourceTitle "EXT 2003"]
[Source "ChessBase"]
[SourceDate "2002.11.25"]
[SourceVersion "1"]
[SourceVersionDate "2002.11.25"]
[SourceQuality "1"]

1. e4 c5 2. Nf3 d6 3. d4 cxd4 4. Nxd4 Nf6 5. Nc3 a6 6. Bc4 e6 7. Bb3 Be7 8. Be3 Qc7 9. Qe2 0-0 10. g4 Nc6 11. 0-0-0 b5 12. g5 Nxd4 13. Bxd4 Nd7 14. h4 Nc5 15. Rde1 Bb7 16. g6 Nxb3+ 17. axb3 fxg6 18. h5 Bf6 19. hxg6 hxg6 20. Bxf6 Rxf6 21. f3 b4 22. Nd1 a5 23. Ne3 a4 24. bxa4 Rxa4 25. Qh2 Qc5 26. Kb1 Qa7 27. c3 b3 28. Nc2 bxc2+ 29. Kxc2 Bxe4+ 30. Kd2 Rxf3 31. Ref1 Qe3+ 0-1

[Event "AUT-chT2O 0001"]
[Site "Austria"]
[Date "2001.??.??"]
[Round "9"]
[White "Stoppel, Franz"]
[Black "Schuh, Franz"]
[Result "1-0"]
[WhiteElo "2150"]
[BlackElo "2255"]
[PlyCount "79"]
[EventDate "2000.??.??"]
[EventType "team"]
[EventRounds "11"]
[EventCountry "AUT"]
[SourceTitle "EXT 2003"]
[Source "ChessBase"]
[SourceDate "2002.11.25"]
[SourceVersion "1"]
[SourceVersionDate "2002.11.25"]
[SourceQuality "1"]

1. d4 Nf6 2. c3 b6 3. Bf4 Bb7 4. e3 g6 5. h3 Bg7 6. Nf3 d6 7. Be2 0-0 8. 0-0 Nbd7 9. Re1 Re8 10. Bh2 e5 11. a4 e4 12. Nfd2 a5 13. Na3 Nd5 14. Nb5 f5 15. Nf1 N7f6 16. c4 Nb4 17. c5 bxc5 18. dxc5 Nfd5 19. Qb3 Be5 20. cxd6 cxd6 21. Red1 Kg7 22. Bc4 Bxh2+ 23. Nxh2 Re5 24. Rd4 Rc8 25. Rad1 Rc5 26. Nc3 Qg8 27. Nb5 Qd8 28. Nf1 Kf8 29. Ng3 Ke7 30. Ne2 g5 31. Nec3 Qa8 32. Na2 Nxa2 33. Qxa2 Nb4 34. Qb3 d5 35. Bf1 Bc8 36. Rxb4 f4 37. Rbd4 Qc6 38. Na7 Qc7 39. Nxc8+ Qxc8 40. Rxd5 1-0

[Event "AUT-chT2O 0001"]
[Site "Austria"]
[Date "2000.??.??"]
[Round "3"]
[White "Pernerstorfer, Johannes"]
[Black "Schuh, Franz"]
[Result "1-0"]
[WhiteElo "2165"]
[BlackElo "2255"]
[PlyCount "67"]
[EventDate "2000.??.??"]
[EventType "team"]
[EventRounds "11"]
[EventCountry "AUT"]
[SourceTitle "EXT 2003"]
[Source "ChessBase"]
[SourceDate "2002.11.25"]
[SourceVersion "1"]
[SourceVersionDate "2002.11.25"]
[SourceQuality "1"]

1. e4 c5 2. Nf3 e6 3. d4 cxd4 4. Nxd4 Nf6 5. Nc3 a6 6. Bd3 Qc7 7. 0-0 d6 8. Kh1 Be7 9. f4 Nc6 10. Be3 Bd7 11. a4 0-0 12. Nb3 Na5 13. Nxa5 Qxa5 14. Qe1 Qc7 15. a5 Bc6 16. Qg3 g6 17. f5 e5 18. Bh6 Nh5 19. Qg4 Nf6 20. Qh3 Rfe8 21. Rf3 d5 22. exd5 Bxd5 23. fxg6 Bxf3 24. gxh7+ Kh8 25. gxf3 e4 26. Rg1 Bf8 27. Bxf8 Rxf8 28. Qh6 Ng4 29. Rxg4 f5 30. Rg8+ Rxg8 31. hxg8Q+ Kxg8 32. Nd5 Qxa5 33. Qe6+ Kh8 34. Qe5+ 1-0

[Event "AUT-chT2O 9900"]
[Site "Austria"]
[Date "1999.10.24"]
[Round "2.2"]
[White "Schuh, Franz"]
[Black "Bachmayer, Josef"]
[Result "1/2-1/2"]
[WhiteElo "2265"]
[BlackElo "2161"]
[PlyCount "99"]
[EventDate "1999.??.??"]
[EventType "team"]
[EventRounds "11"]
[EventCountry "AUT"]
[SourceTitle "EXT 2001"]
[Source "ChessBase"]
[SourceDate "2000.11.22"]
[SourceVersion "1"]
[SourceVersionDate "2000.11.22"]
[SourceQuality "1"]

1. c4 b6 2. Nc3 Bb7 3. Nf3 Nf6 4. g3 c5 5. Bg2 g6 6. 0-0 Bg7 7. d4 cxd4 8. Nxd4 Bxg2 9. Kxg2 0-0 10. e4 Nc6 11. Be3 Qc8 12. b3 d6 13. Rc1 Ng4 14. Nd5 Re8 15. Nxc6 Nxe3+ 16. fxe3 Qxc6 17. Qf3 f6 18. e5 Qd7 19. e6 Qxe6 20. Nc7 Qc8 21. Nxa8 Qxa8 22. Qxa8 Rxa8 23. Rfd1 f5 24. Rd5 Kf7 25. a4 Bb2 26. Rb1 Ba3 27. b4 a5 28. bxa5 bxa5 29. Rb7 Bc5 30. Kf3 Ke6 31. e4 fxe4+ 32. Kxe4 Rf8 33. Rd2 Rf1 34. Re2 Kf6 35. Kd5 e5 36. Rxh7 Ra1 37. h4 Rg1 38. Rh8 Rxg3 39. Rf8+ Ke7 40. Rg8 Kd7 41. Rd2 Rg4 42. Rh8 Ke7 43. Rd1 Rf4 44. h5 gxh5 45. Rxh5 e4 46. Rdh1 e3 47. Rh7+ Kf6 48. R7h6+ Kf5 49. R6h5+ Kf6 50. Rh6+ 1/2-1/2

[Event "AUT-chT2O 9899"]
[Site "Austria"]
[Date "1999.??.??"]
[Round "6"]
[White "Schuh, Franz"]
[Black "Bachmayer, Josef"]
[Result "0-1"]
[WhiteElo "2265"]
[BlackElo "2160"]
[PlyCount "52"]
[EventDate "1998.10.??"]
[EventType "team"]
[EventRounds "11"]
[EventCountry "AUT"]
[SourceTitle "EXT 2000"]
[Source "ChessBase"]
[SourceDate "1999.11.16"]
[SourceVersion "1"]
[SourceVersionDate "1999.11.16"]
[SourceQuality "1"]

1. d4 f5 2. Nf3 Nf6 3. Bg5 e6 4. e3 Be7 5. c4 0-0 6. Nc3 b6 7. Bd3 Bb7 8. Qc2 c5 9. 0-0-0 cxd4 10. Nxd4 Na6 11. Nxf5 exf5 12. Bxf5 Nb4 13. Qb1 h6 14. Bxf6 Bxf6 15. Rxd7 Qb8 16. a3 Bxc3 17. axb4 Bf6 18. Be6+ Kh8 19. f4 Qe8 20. Rd6 Bc8 21. Qe4 Bxe6 22. Rxe6 Qa4 23. Kb1 Rad8 24. Qc2 Qxb4 25. Rd1 Rxd1+ 26. Qxd1 Qxb2# 0-1

[Event "AUT-chT2O 9899"]
[Site "Austria"]
[Date "1999.??.??"]
[Round "9"]
[White "Weiss, Karl"]
[Black "Schuh, Franz"]
[Result "1/2-1/2"]
[WhiteElo "2185"]
[BlackElo "2265"]
[PlyCount "74"]
[EventDate "1998.10.??"]
[EventType "team"]
[EventRounds "11"]
[EventCountry "AUT"]
[SourceTitle "EXT 2000"]
[Source "ChessBase"]
[SourceDate "1999.11.16"]
[SourceVersion "1"]
[SourceVersionDate "1999.11.16"]
[SourceQuality "1"]

1. d4 d5 2. Nf3 Nf6 3. Bg5 e6 4. e3 Be7 5. Nbd2 Nbd7 6. Bd3 b6 7. c3 Bb7 8. Qe2 Ne4 9. Bxe7 Qxe7 10. Bxe4 dxe4 11. Ng1 0-0 12. f3 exf3 13. Ngxf3 e5 14. 0-0 c5 15. Qf2 Rae8 16. Qg3 f5 17. Nxe5 Nxe5 18. Qxe5 Qxe5 19. dxe5 Rxe5 20. Rfe1 Rd8 21. Re2 Red5 22. Nf3 Rd1+ 23. Rxd1 Rxd1+ 24. Kf2 g6 25. Re1 Bxf3 26. gxf3 Rxe1 27. Kxe1 g5 28. b3 Kf7 29. f4 h6 30. c4 Ke6 31. a4 Kd6 32. Kf2 a6 33. Kf3 Ke6 34. Kg3 Kf6 35. h4 gxh4+ 36. Kxh4 Kg6 37. Kg3 Kf6 1/2-1/2

[Event "AUT-chT2O 9798"]
[Site "Austria"]
[Date "1998.??.??"]
[Round "8"]
[White "Schuh, Franz"]
[Black "Gugler, Edgar"]
[Result "1/2-1/2"]
[WhiteElo "2260"]
[BlackElo "2230"]
[PlyCount "77"]
[EventDate "1997.??.??"]
[EventType "team"]
[EventRounds "13"]
[EventCountry "AUT"]
[SourceTitle "EXT 1999"]
[Source "ChessBase"]
[SourceDate "1998.11.16"]
[SourceVersion "1"]
[SourceVersionDate "1998.11.16"]
[SourceQuality "1"]

1. e4 c6 2. Nc3 d5 3. Nf3 dxe4 4. Nxe4 Nf6 5. Nxf6+ exf6 6. d4 Bd6 7. Bd3 Bg4 8. h3 Bh5 9. Qe2+ Qe7 10. Qxe7+ Kxe7 11. Bd2 Bg6 12. Bxg6 hxg6 13. 0-0-0 Na6 14. c4 Rhd8 15. Rhe1+ Kf8 16. Kc2 Bb4 17. Bxb4+ Nxb4+ 18. Kc3 a5 19. a3 Na6 20. b4 Nc7 21. Nd2 Ne6 22. Nb3 axb4+ 23. Kxb4 b5 24. cxb5 cxb5 25. d5 Nf4 26. d6 Nxg2 27. Rg1 Nf4 28. Nc5 Ne6 29. Nxe6+ fxe6 30. Rxg6 Ra4+ 31. Kxb5 Rxa3 32. h4 Rb3+ 33. Kc4 Rb6 34. Kc5 Rb2 35. d7 Kf7 36. Rdg1 Rc2+ 37. Kd6 Rd2+ 38. Kc6 Rc2+ 39. Kd6 1/2-1/2

[Event "AUT-chT2O 9798"]
[Site "Austria"]
[Date "1997.12.06"]
[Round "4"]
[White "Simon, Walter"]
[Black "Schuh, Franz"]
[Result "0-1"]
[WhiteElo "2070"]
[BlackElo "2260"]
[PlyCount "88"]
[EventDate "1997.??.??"]
[EventType "team"]
[EventRounds "13"]
[EventCountry "AUT"]
[SourceTitle "EXT 1999"]
[Source "ChessBase"]
[SourceDate "1998.11.16"]
[SourceVersion "1"]
[SourceVersionDate "1998.11.16"]
[SourceQuality "1"]

1. e4 c5 2. Nc3 Nc6 3. f4 e6 4. d3 g6 5. Nf3 Bg7 6. g3 Nge7 7. Bg2 0-0 8. 0-0 Nd4 9. Kh1 d6 10. Bd2 Rb8 11. a4 Nec6 12. Rf2 a6 13. Rb1 b5 14. axb5 axb5 15. Ne2 Bb7 16. h4 Ra8 17. Neg1 Qb6 18. Nh3 c4 19. Nh2 Ra2 20. h5 cxd3 21. cxd3 Rfa8 22. hxg6 hxg6 23. f5 exf5 24. Be3 Qa6 25. Ng5 Ra1 26. Rf1 Rxb1 27. Qxb1 Qa2 28. Qc1 Ne2 29. Qe1 Qxb2 30. exf5 gxf5 31. Bd2 Nxg3+ 32. Qxg3 Qxd2 33. Nhf3 Qxd3 34. Qh3 Ne5 35. Qh7+ Kf8 36. Qh5 f4 37. Rf2 Ra1+ 38. Kh2 Qg6 39. Qh3 Nxf3+ 40. Nxf3 Qg3+ 41. Qxg3 fxg3+ 42. Kxg3 b4 43. Ng5 Be5+ 44. Kh4 Bxg2 0-1

[Event "AUT-chT2O 9798"]
[Site "Austria"]
[Date "1997.11.08"]
[Round "2"]
[White "Schuh, Franz"]
[Black "Neumeier, Klaus"]
[Result "1/2-1/2"]
[WhiteElo "2260"]
[BlackElo "2250"]
[PlyCount "68"]
[EventDate "1997.??.??"]
[EventType "team"]
[EventRounds "13"]
[EventCountry "AUT"]
[SourceTitle "EXT 1999"]
[Source "ChessBase"]
[SourceDate "1998.11.16"]
[SourceVersion "1"]
[SourceVersionDate "1998.11.16"]
[SourceQuality "1"]

1. e4 c5 2. Nf3 d6 3. d4 cxd4 4. Nxd4 Nf6 5. Nc3 g6 6. Be3 Bg7 7. Be2 0-0 8. Nb3 Nc6 9. f4 b6 10. g4 Bb7 11. g5 Nd7 12. h4 Na5 13. Bd3 Qc7 14. Nxa5 bxa5 15. Qd2 Nc5 16. h5 Rfc8 17. hxg6 hxg6 18. Qh2 Qb6 19. Qh7+ Kf8 20. 0-0 e6 21. f5 exf5 22. exf5 Qc6 23. Rf2 gxf5 24. Bb5 Qc7 25. Rxf5 Qe7 26. Bf2 Be4 27. Nxe4 Qxe4 28. Rf1 Rc7 29. Bg3 Qg4 30. R1f3 Ne4 31. R5f4 Bd4+ 32. Kf1 Nxg3+ 33. Ke1 Qe6+ 34. Kd1 Be5 1/2-1/2

[Event "AUT-chT2O 9798"]
[Site "Austria"]
[Date "1997.11.07"]
[Round "1"]
[White "Denk, Adolf"]
[Black "Schuh, Franz"]
[Result "1/2-1/2"]
[WhiteElo "2265"]
[BlackElo "2260"]
[PlyCount "59"]
[EventDate "1997.??.??"]
[EventType "team"]
[EventRounds "13"]
[EventCountry "AUT"]
[SourceTitle "EXT 1999"]
[Source "ChessBase"]
[SourceDate "1998.11.16"]
[SourceVersion "1"]
[SourceVersionDate "1998.11.16"]
[SourceQuality "1"]

1. Nf3 c5 2. c4 Nc6 3. g3 g6 4. Bg2 Bg7 5. 0-0 Nf6 6. d4 cxd4 7. Nxd4 0-0 8. Nc3 Qb6 9. Nc2 d6 10. b3 a6 11. Bb2 Be6 12. Na4 Qc7 13. Rc1 Rfc8 14. Ne3 Qd8 15. c5 Rab8 16. Bxf6 Bxf6 17. Nb6 Rc7 18. Ned5 dxc5 19. Nxc7 Qxc7 20. Nd5 Bxd5 21. Qxd5 Nb4 22. Qxc5 Qxc5 23. Rxc5 Nxa2 24. Bf3 b5 25. Rd1 a5 26. Rdd5 a4 27. bxa4 bxa4 28. Rd3 Bb2 29. Ra5 Nc3 30. Rxc3 1/2-1/2

[Event "AUT-chT qual"]
[Site "Vienna"]
[Date "1997.??.??"]
[Round "2"]
[White "Vokroj, Rene"]
[Black "Schuh, Franz"]
[Result "0-1"]
[WhiteElo "2245"]
[BlackElo "2260"]
[PlyCount "78"]
[EventDate "1997.??.??"]
[EventType "team"]
[EventRounds "3"]
[EventCountry "AUT"]
[SourceTitle "EXT 1999"]
[Source "ChessBase"]
[SourceDate "1998.11.16"]
[SourceVersion "1"]
[SourceVersionDate "1998.11.16"]
[SourceQuality "1"]

1. e4 c5 2. f4 Nc6 3. Nf3 e6 4. Bb5 Nge7 5. 0-0 a6 6. Bxc6 Nxc6 7. d3 Be7 8. Nc3 b5 9. e5 d5 10. exd6 Qxd6 11. a4 b4 12. Ne4 Qd5 13. b3 Bb7 14. Bb2 Nd4 15. Bxd4 cxd4 16. Rf2 0-0 17. Ned2 Bd6 18. Ne1 Bc7 19. Nc4 a5 20. Qd2 Qh5 21. Nf3 Rad8 22. Re1 Rfe8 23. Ng5 h6 24. Ne4 Qd5 25. Qe2 Kh8 26. Qf1 Qh5 27. Ne5 Bxe4 28. Rxe4 f5 29. Re1 Bxe5 30. Rxe5 Rd5 31. Rfe2 Rxe5 32. Rxe5 Rc8 33. Qc1 Rc6 34. Qd2 Qf7 35. Rxa5 Qc7 36. Re5 Rxc2 37. Qxb4 Qc6 38. Re4 fxe4 39. Qxd4 e3 0-1

[Event "Oberwart op"]
[Site "Oberwart"]
[Date "1996.??.??"]
[Round "5"]
[White "Danner, Georg"]
[Black "Schuh, Franz"]
[Result "1-0"]
[WhiteElo "2375"]
[BlackElo "2285"]
[PlyCount "116"]
[EventDate "1996.07.??"]
[EventType "swiss"]
[EventRounds "9"]
[EventCountry "AUT"]
[SourceTitle "CBM 053 Extra"]
[Source "ChessBase"]
[SourceDate "1996.09.01"]
[SourceVersion "1"]
[SourceVersionDate "1996.09.01"]
[SourceQuality "1"]

1. d4 d5 2. Nf3 Nf6 3. e3 e6 4. Bd3 Be7 5. Nbd2 Nbd7 6. 0-0 0-0 7. Ne5 Nxe5 8. dxe5 Nd7 9. f4 f5 10. exf6 Nxf6 11. Qe2 c5 12. c3 Qc7 13. e4 c4 14. Bc2 e5 15. f5 b5 16. exd5 Bb7 17. Ne4 Bxd5 18. Nxf6+ Bxf6 19. Be3 Rfd8 20. Rad1 Qb7 21. Qg4 Rd7 22. h4 Rad8 23. Kh2 Bc6 24. Rxd7 Qxd7 25. h5 Kh8 26. Rd1 Qe7 27. Rxd8+ Qxd8 28. h6 Qd7 29. hxg7+ Qxg7 30. Qxg7+ Kxg7 31. Bxa7 Bg5 32. Bb6 Bc1 33. b3 Bd2 34. bxc4 bxc4 35. Ba5 e4 36. g4 e3 37. Bd1 Be4 38. Kg3 h5 39. gxh5 Bxf5 40. Be2 Bd3 41. Kf3 Kh6 42. Bb4 Kxh5 43. a4 Kg5 44. a5 Kf5 45. a6 Be4+ 46. Kg3 Be1+ 47. Kh2 Bh4 48. Bxc4 Kf4 49. Be2 Bg3+ 50. Kh3 Bf5+ 51. Kg2 Be4+ 52. Kf1 Ke5 53. a7 Bh4 54. Bh5 Bd8 55. Bc5 Kf4 56. Ke2 Ba5 57. Bd6+ Kg5 58. Bf3 Bb6 1-0

[Event "Oberwart op"]
[Site "Oberwart"]
[Date "1996.??.??"]
[Round "9"]
[White "Gasiunas, Natalia"]
[Black "Schuh, Franz"]
[Result "0-1"]
[WhiteElo "2205"]
[BlackElo "2285"]
[PlyCount "102"]
[EventDate "1996.07.??"]
[EventType "swiss"]
[EventRounds "9"]
[EventCountry "AUT"]
[SourceTitle "CBM 053 Extra"]
[Source "ChessBase"]
[SourceDate "1996.09.01"]
[SourceVersion "1"]
[SourceVersionDate "1996.09.01"]
[SourceQuality "1"]

1. d4 Nf6 2. Nf3 g6 3. c4 Bg7 4. Nc3 d6 5. g3 0-0 6. Bg2 Nbd7 7. Qc2 e5 8. e3 c6 9. b3 Re8 10. 0-0 a6 11. Ba3 e4 12. Nd2 d5 13. cxd5 cxd5 14. Na4 b5 15. Nc5 Nb6 16. Bc1 a5 17. f3 exf3 18. Nxf3 Nbd7 19. Nd3 b4 20. a3 Ba6 21. axb4 axb4 22. Bd2 Qb6 23. Ra4 Rac8 24. Qb1 Bb5 25. Rxb4 Bf8 26. Rxb5 Qxb5 27. Nfe5 Ne4 28. Be1 Nxe5 29. Nxe5 Qe2 30. Bxe4 Qxe3+ 31. Bf2 Qxe4 32. b4 Qxb1 33. Rxb1 Re6 34. b5 Rd6 35. Be1 Rb8 36. Ba5 Rb7 37. b6 Bg7 38. Rc1 Bxe5 39. Rc8+ Kg7 40. dxe5 Rdd7 41. Rc6 d4 42. Bd2 h6 43. Kf2 Re7 44. h4 Rxe5 45. Bf4 Re6 46. Rc4 Rexb6 47. Rxd4 f6 48. Be3 g5 49. hxg5 hxg5 50. Kf3 Kg6 51. g4 Re6 0-1

[Event "Schlechter Memorial"]
[Site "Vienna"]
[Date "1996.??.??"]
[Round "9"]
[White "Havlicek, Josef"]
[Black "Schuh, Franz"]
[Result "0-1"]
[WhiteElo "2245"]
[BlackElo "2285"]
[PlyCount "62"]
[EventDate "1996.10.10"]
[EventType "swiss"]
[EventRounds "9"]
[EventCountry "AUT"]
[SourceTitle "CBM 055 Extra"]
[Source "ChessBase"]
[SourceDate "1997.01.01"]
[SourceVersion "1"]
[SourceVersionDate "1997.01.01"]
[SourceQuality "1"]

1. e4 c5 2. Nf3 e6 3. d4 cxd4 4. Nxd4 Nf6 5. Nc3 a6 6. Bg5 Qa5 7. Bd2 Qe5 8. Nf3 Qc7 9. Bd3 d6 10. 0-0 Be7 11. Qe2 Nc6 12. a3 0-0 13. h3 b5 14. Rad1 Bb7 15. Bf4 Ne5 16. Nxe5 dxe5 17. Bg5 h6 18. Bh4 Rfd8 19. Kh1 g5 20. Bg3 Rd4 21. Bh2 Rad8 22. h4 Kg7 23. hxg5 hxg5 24. g4 Nh7 25. Kg1 Nf8 26. Qf3 Ng6 27. Ne2 Bxe4 28. Bxe4 Rxd1 29. Bxg6 Rxf1+ 30. Kxf1 Kxg6 31. Qe4+ f5 0-1

[Event "AUT-chT2O 9697"]
[Site "Austria"]
[Date "1996.??.??"]
[Round "1"]
[White "Schuh, Franz"]
[Black "Boehsmueller, Raimund"]
[Result "0-1"]
[WhiteElo "2280"]
[BlackElo "2310"]
[PlyCount "84"]
[EventDate "1996.??.??"]
[EventType "team"]
[EventRounds "11"]
[EventCountry "AUT"]
[SourceTitle "EXT 1998"]
[Source "ChessBase"]
[SourceDate "1997.11.17"]
[SourceVersion "1"]
[SourceVersionDate "1997.11.17"]
[SourceQuality "1"]

1. e4 c5 2. Nf3 Nc6 3. Bb5 g6 4. 0-0 Bg7 5. Re1 e5 6. c3 Nge7 7. d3 0-0 8. Be3 d6 9. Na3 a6 10. Bc4 b5 11. Bb3 h6 12. h3 Kh7 13. d4 exd4 14. cxd4 c4 15. Bc2 d5 16. Qd2 Be6 17. Rad1 dxe4 18. Bxe4 Bd5 19. Bf4 Bxe4 20. Rxe4 Nd5 21. Be5 f6 22. Bg3 Qd7 23. Rde1 Rae8 24. R4e2 Ncb4 25. Nc2 Rxe2 26. Qxe2 Nd3 27. Rb1 Re8 28. Qd2 h5 29. Nce1 Bh6 30. Qa5 Nxe1 31. Rxe1 Rxe1+ 32. Nxe1 Qe6 33. Nf3 Bc1 34. Qd8 Bxb2 35. Be5 Bc1 36. Bd6 Bh6 37. Bf8 Bxf8 38. Qxf8 c3 39. Qc5 b4 40. Qc4 Qe4 41. Qc6 c2 42. Qd7+ Qe7 0-1

[Event "Schlechter Memorial"]
[Site "Vienna"]
[Date "1996.??.??"]
[Round "3"]
[White "Stanka, Wolfgang"]
[Black "Schuh, Franz"]
[Result "1-0"]
[WhiteElo "2220"]
[BlackElo "2285"]
[PlyCount "59"]
[EventDate "1996.10.10"]
[EventType "swiss"]
[EventRounds "9"]
[EventCountry "AUT"]
[SourceTitle "CBM 055 Extra"]
[Source "ChessBase"]
[SourceDate "1997.01.01"]
[SourceVersion "1"]
[SourceVersionDate "1997.01.01"]
[SourceQuality "1"]

1. e4 e5 2. Nf3 Nc6 3. Bb5 a6 4. Bxc6 dxc6 5. Nc3 f6 6. d4 exd4 7. Qxd4 Bg4 8. Be3 Bxf3 9. gxf3 Qxd4 10. Bxd4 Bb4 11. a3 Ba5 12. 0-0-0 Ne7 13. Rhg1 Kf7 14. Bc5 g6 15. Rd7 Rhe8 16. b4 Bb6 17. Bxb6 cxb6 18. Rxb7 b5 19. Rd1 a5 20. bxa5 Rxa5 21. Kb2 Ke6 22. Rdd7 b4 23. axb4 Rh5 24. Ne2 Rxh2 25. Nd4+ Ke5 26. Rxe7+ Rxe7 27. Nxc6+ Kd6 28. Nxe7 Rxf2 29. Nd5 Rxf3 30. c4 1-0

[Event "Schlechter Memorial"]
[Site "Vienna"]
[Date "1996.??.??"]
[Round "1"]
[White "Todor, Razvan"]
[Black "Schuh, Franz"]
[Result "1/2-1/2"]
[WhiteElo "2120"]
[BlackElo "2285"]
[PlyCount "45"]
[EventDate "1996.10.10"]
[EventType "swiss"]
[EventRounds "9"]
[EventCountry "AUT"]
[SourceTitle "CBM 055 Extra"]
[Source "ChessBase"]
[SourceDate "1997.01.01"]
[SourceVersion "1"]
[SourceVersionDate "1997.01.01"]
[SourceQuality "1"]

1. c4 e6 2. g3 d5 3. Bg2 Nf6 4. Nf3 Be7 5. 0-0 0-0 6. b3 b6 7. Bb2 Bb7 8. d3 c5 9. e3 Nbd7 10. Nbd2 Qc7 11. Rc1 Rac8 12. Qe2 Rfd8 13. e4 dxe4 14. dxe4 e5 15. Rcd1 Re8 16. Nh4 Nf8 17. Nf5 Ne6 18. Qe3 Bf8 19. h3 Rcd8 20. Nb1 Nd4 21. g4 g6 22. Ng3 Bg7 23. Nc3 1/2-1/2

[Event "AUT-chT2O 9697"]
[Site "Austria"]
[Date "1996.??.??"]
[Round "7"]
[White "Woeber, Friedrich"]
[Black "Schuh, Franz"]
[Result "1/2-1/2"]
[WhiteElo "2225"]
[BlackElo "2280"]
[PlyCount "35"]
[EventDate "1996.??.??"]
[EventType "team"]
[EventRounds "11"]
[EventCountry "AUT"]
[SourceTitle "EXT 1998"]
[Source "ChessBase"]
[SourceDate "1997.11.17"]
[SourceVersion "1"]
[SourceVersionDate "1997.11.17"]
[SourceQuality "1"]

1. e4 e5 2. Bc4 Nf6 3. d4 exd4 4. Nf3 Nc6 5. 0-0 Bc5 6. c3 Nxe4 7. cxd4 d5 8. dxc5 dxc4 9. Qxd8+ Nxd8 10. Re1 f5 11. Nc3 0-0 12. Nxe4 fxe4 13. Rxe4 Be6 14. Nd4 Bd5 15. Re7 Rf7 16. Re8+ Rf8 17. Re7 Rf7 18. Re8+ 1/2-1/2

[Event "Schlechter Memorial"]
[Site "Vienna"]
[Date "1996.??.??"]
[Round "5"]
[White "Zoebisch, Herbert"]
[Black "Schuh, Franz"]
[Result "1/2-1/2"]
[WhiteElo "2245"]
[BlackElo "2285"]
[PlyCount "80"]
[EventDate "1996.10.10"]
[EventType "swiss"]
[EventRounds "9"]
[EventCountry "AUT"]
[SourceTitle "CBM 055 Extra"]
[Source "ChessBase"]
[SourceDate "1997.01.01"]
[SourceVersion "1"]
[SourceVersionDate "1997.01.01"]
[SourceQuality "1"]

1. d4 d5 2. c4 e6 3. Nc3 Nf6 4. Nf3 Be7 5. Bf4 0-0 6. e3 b6 7. cxd5 Nxd5 8. Nxd5 exd5 9. Bd3 c5 10. 0-0 Nc6 11. Ne5 Nxe5 12. Bxe5 c4 13. Bc2 Be6 14. Qh5 f5 15. f4 g6 16. Qe2 b5 17. h3 Bf6 18. Kh1 a5 19. Rf2 b4 20. Rg1 a4 21. g4 Bxe5 22. dxe5 d4 23. Bxf5 Bd5+ 24. e4 gxf5 25. gxf5+ Kh8 26. exd5 Qxd5+ 27. Kh2 d3 28. Qh5 Rg8 29. Rg5 d2 30. Rfg2 Rxg5 31. Qxg5 Qxg2+ 32. Qxg2 d1Q 33. Qxa8+ Kg7 34. Qb7+ Kg8 35. Qc8+ Kg7 36. f6+ Kg6 37. Qg8+ Kf5 38. Qxh7+ Kxf4 39. Qh4+ Kxe5 40. Qf2 Ke6 1/2-1/2

[Event "Oberwart op"]
[Site "Oberwart"]
[Date "1995.??.??"]
[Round "3"]
[White "Mahdy, Khaled"]
[Black "Schuh, Franz"]
[Result "1/2-1/2"]
[WhiteElo "2425"]
[BlackElo "2310"]
[PlyCount "63"]
[EventDate "1995.07.??"]
[EventType "swiss"]
[EventRounds "9"]
[EventCountry "AUT"]
[SourceTitle "EXT 2001"]
[Source "ChessBase"]
[SourceDate "2000.11.22"]
[SourceVersion "1"]
[SourceVersionDate "2000.11.22"]
[SourceQuality "1"]

1. e4 c5 2. Nf3 d6 3. Nc3 Nc6 4. d4 cxd4 5. Nxd4 Nf6 6. Be2 g6 7. Be3 Bg7 8. 0-0 0-0 9. Kh1 Bd7 10. f4 Rc8 11. Nb3 a6 12. Bf3 b5 13. Qd2 b4 14. Nd5 Nxd5 15. exd5 Na5 16. Qxb4 Nxb3 17. cxb3 Bxb2 18. Rad1 Bc3 19. Qb6 Bb5 20. Qxd8 Rfxd8 21. Rf2 Bb4 22. h3 Bc5 23. Re1 Bxe3 24. Rxe3 Rc1+ 25. Kh2 Kf8 26. Re4 a5 27. Rd2 Rdc8 28. a4 Ba6 29. b4 axb4 30. Rxb4 R1c4 31. Rdb2 Ke8 32. Kg3 1/2-1/2

[Event "Oberwart op"]
[Site "Oberwart"]
[Date "1995.??.??"]
[Round "6"]
[White "Schuh, Franz"]
[Black "Burmakin, Vladimir"]
[Result "0-1"]
[WhiteElo "2310"]
[BlackElo "2555"]
[PlyCount "100"]
[EventDate "1995.07.??"]
[EventType "swiss"]
[EventRounds "9"]
[EventCountry "AUT"]
[SourceTitle "EXT 2001"]
[Source "ChessBase"]
[SourceDate "2000.11.22"]
[SourceVersion "1"]
[SourceVersionDate "2000.11.22"]
[SourceQuality "1"]

1. d4 d5 2. c4 e6 3. Nc3 c6 4. cxd5 exd5 5. Qc2 Ne7 6. Bg5 h6 7. Bh4 Qa5 8. e3 Na6 9. Nf3 Bf5 10. Qd2 Ng6 11. Bg3 Nc7 12. Bd3 Bxd3 13. Qxd3 Be7 14. 0-0 0-0 15. a3 Rac8 16. b4 Qb6 17. h4 Rfd8 18. h5 Nf8 19. Ne5 Ne8 20. Na4 Qb5 21. Qxb5 cxb5 22. Nc5 Nd6 23. Rfc1 b6 24. Na6 Nc4 25. Nd3 Ne6 26. a4 bxa4 27. Rxa4 Bd6 28. Bxd6 Nxd6 29. Raa1 Nb5 30. Kf1 Kf8 31. Ke1 f6 32. Kd2 Ke7 33. Nb2 Kd7 34. Na4 Ng5 35. f3 Nf7 36. Nc3 Nxc3 37. Rxc3 Nd6 38. Rxc8 Kxc8 39. Rc1+ Kb7 40. Rc7+ Kxa6 41. Rxg7 Re8 42. Rg6 Nc4+ 43. Kc1 Rxe3 44. Rxh6 Re1+ 45. Kc2 Re2+ 46. Kc3 Rxg2 47. Rxf6 Rh2 48. Rf5 Rh3 49. Kd3 Kb5 50. Rxd5+ Kxb4 0-1

[Event "EU-chT (Men) 10th"]
[Site "Debrecen"]
[Date "1992.11.??"]
[Round "6.3"]
[White "Schuh, Franz"]
[Black "Wians, Camille"]
[Result "1-0"]
[WhiteElo "2310"]
[BlackElo "2280"]
[PlyCount "73"]
[EventDate "1992.11.20"]
[EventType "team-swiss"]
[EventRounds "9"]
[EventCountry "HUN"]
[SourceTitle "EU-chT"]
[Source "ChessBase"]
[SourceDate "1999.07.01"]
[SourceVersion "2"]
[SourceVersionDate "1999.07.01"]
[SourceQuality "1"]
[WhiteTeam "Austria"]
[BlackTeam "Luxembourg"]
[WhiteTeamCountry "AUT"]
[BlackTeamCountry "LUX"]

1. e4 c5 2. Nf3 Nc6 3. Bb5 g6 4. 0-0 Bg7 5. Re1 e5 6. Nc3 Nge7 7. Nd5 0-0 8. c3 d6 9. h3 Nxd5 10. exd5 Ne7 11. Bc4 f5 12. d4 cxd4 13. Bg5 h6 14. Bxe7 Qxe7 15. Nxe5 Qf6 16. cxd4 b5 17. Bxb5 dxe5 18. dxe5 Qb6 19. Bc6 Bb7 20. Bxb7 Qxb7 21. d6 Rad8 22. Rc1 Rfe8 23. Rc7 Qb5 24. a4 Qb4 25. Qd5+ Kh8 26. Re3 f4 27. Re4 Qxb2 28. d7 Rxe5 29. Rxe5 Qa1+ 30. Kh2 Qxe5 31. Qxe5 Bxe5 32. Rxa7 Kg7 33. a5 Kf7 34. a6 Bd4 35. Rb7 Ke7 36. a7 Ra8 37. Rb8 1-0